<?xml version="1.0" encoding="UTF-8"?>
<record
    xmlns:xsi="http://www.w3.org/2001/XMLSchema-instance"
    xsi:schemaLocation="http://www.loc.gov/MARC21/slim http://www.loc.gov/standards/marcxml/schema/MARC21slim.xsd"
    xmlns="http://www.loc.gov/MARC21/slim">

  <leader>01683nkc a22002417a 4500</leader>
  <controlfield tag="001">85861</controlfield>
  <controlfield tag="005">20260430102949.0</controlfield>
  <controlfield tag="007">kh bo </controlfield>
  <controlfield tag="008">260430s1890    sp ||||| |||| |0| i|spa d</controlfield>
  <datafield tag="040" ind1=" " ind2=" ">
    <subfield code="a">M-RABA</subfield>
    <subfield code="b">spa</subfield>
    <subfield code="c">M-RABA</subfield>
  </datafield>
  <datafield tag="245" ind1="0" ind2="1">
    <subfield code="a">[Iglesia parroquial de Santa Mar&#xED;a de Valtierra</subfield>
    <subfield code="b">: vistas del Retablo Mayor]</subfield>
    <subfield code="h">[Material gr&#xE1;fico]</subfield>
  </datafield>
  <datafield tag="260" ind1=" " ind2=" ">
    <subfield code="c">[ca. 1890]</subfield>
  </datafield>
  <datafield tag="300" ind1=" " ind2=" ">
    <subfield code="a">3 fotograf&#xED;as</subfield>
    <subfield code="b">: aristotipo</subfield>
    <subfield code="c">, imagen 24 x 18 cm (medidas m&#xE1;ximas)</subfield>
    <subfield code="c">, imagen 18 x 12 cm (medidas m&#xED;nimas)</subfield>
  </datafield>
  <datafield tag="500" ind1="0" ind2="0">
    <subfield code="a">Conjunto de tres fotograf&#xED;as del Retablo Mayor de la Iglesia parroquial de Santa Mar&#xED;a de Valtierra, en Navarra. La Fot-826 corresponde a una vista general del retablo, y las Fot-824 y Fot-825 a dos vistas de detalle de alguna de sus escutluras.</subfield>
  </datafield>
  <datafield tag="500" ind1="0" ind2="0">
    <subfield code="a">Nota manuscrita a l&#xE1;piz al verso de las im&#xE1;genes:
Fot-824: "Detalle retablo Valteirra (Navarra)".
Fot-825: "Detalle retablo de Valtierra (Navarra). (..) marqu&#xE9;s de Sra Clara; ampliado por Ricardo Orueta".
Fot-826: "Retablo mayor de la parroquia de Valtierra (Navarra).</subfield>
  </datafield>
  <datafield tag="651" ind1=" " ind2="7">
    <subfield code="a">Navarra (Espa&#xF1;a)</subfield>
    <subfield code="9">75271</subfield>
  </datafield>
  <datafield tag="655" ind1=" " ind2="0">
    <subfield code="a">Fotograf&#xED;as de monumentos</subfield>
    <subfield code="9">111580</subfield>
  </datafield>
  <datafield tag="852" ind1=" " ind2=" ">
    <subfield code="j">Fot-824; Fot-825; Fot-826</subfield>
  </datafield>
  <datafield tag="856" ind1=" " ind2=" ">
    <subfield code="u">https://archivoybiblioteca.realacademiabellasartessanfernando.com/cgi-bin/koha/opac-retrieve-file.pl?id=d6ff040d84e0e142720c9536017fac08</subfield>
    <subfield code="y">Fot-824</subfield>
  </datafield>
  <datafield tag="856" ind1=" " ind2=" ">
    <subfield code="u">https://archivoybiblioteca.realacademiabellasartessanfernando.com/cgi-bin/koha/opac-retrieve-file.pl?id=5942ded680881347b2c3c4678cf4332e</subfield>
    <subfield code="y">Fot-825</subfield>
  </datafield>
  <datafield tag="856" ind1=" " ind2=" ">
    <subfield code="u">https://archivoybiblioteca.realacademiabellasartessanfernando.com/cgi-bin/koha/opac-retrieve-file.pl?id=6ddf204fd9d00145eecbaaa08653af86</subfield>
    <subfield code="y">Fot-826</subfield>
  </datafield>
  <datafield tag="942" ind1=" " ind2=" ">
    <subfield code="c">FOTOGRAF&#xCD;A</subfield>
    <subfield code="n">0</subfield>
  </datafield>
  <datafield tag="952" ind1=" " ind2=" ">
    <subfield code="0">0</subfield>
    <subfield code="1">0</subfield>
    <subfield code="2">ddc</subfield>
    <subfield code="4">0</subfield>
    <subfield code="7">0</subfield>
    <subfield code="8">FOTOGRAFIA</subfield>
    <subfield code="a">RABASF</subfield>
    <subfield code="b">RABASF</subfield>
    <subfield code="c">DP2</subfield>
    <subfield code="d">2026-04-30</subfield>
    <subfield code="l">0</subfield>
    <subfield code="o">Fot-824</subfield>
    <subfield code="p">1097164</subfield>
    <subfield code="r">2026-04-30 10:30:03</subfield>
    <subfield code="w">2026-04-30</subfield>
    <subfield code="y">FOTOGRAF&#xCD;A</subfield>
  </datafield>
  <datafield tag="952" ind1=" " ind2=" ">
    <subfield code="0">0</subfield>
    <subfield code="1">0</subfield>
    <subfield code="2">ddc</subfield>
    <subfield code="4">0</subfield>
    <subfield code="7">0</subfield>
    <subfield code="8">FOTOGRAFIA</subfield>
    <subfield code="a">RABASF</subfield>
    <subfield code="b">RABASF</subfield>
    <subfield code="c">DP2</subfield>
    <subfield code="d">2026-04-30</subfield>
    <subfield code="l">0</subfield>
    <subfield code="o">Fot-825</subfield>
    <subfield code="p">1097165</subfield>
    <subfield code="r">2026-04-30 10:30:03</subfield>
    <subfield code="w">2026-04-30</subfield>
    <subfield code="y">FOTOGRAF&#xCD;A</subfield>
  </datafield>
  <datafield tag="952" ind1=" " ind2=" ">
    <subfield code="0">0</subfield>
    <subfield code="1">0</subfield>
    <subfield code="2">ddc</subfield>
    <subfield code="4">0</subfield>
    <subfield code="7">0</subfield>
    <subfield code="8">FOTOGRAFIA</subfield>
    <subfield code="a">RABASF</subfield>
    <subfield code="b">RABASF</subfield>
    <subfield code="c">DP2</subfield>
    <subfield code="d">2026-04-30</subfield>
    <subfield code="l">0</subfield>
    <subfield code="o">Fot-826</subfield>
    <subfield code="p">1097166</subfield>
    <subfield code="r">2026-04-30 10:30:03</subfield>
    <subfield code="w">2026-04-30</subfield>
    <subfield code="y">FOTOGRAF&#xCD;A</subfield>
  </datafield>
  <datafield tag="999" ind1=" " ind2=" ">
    <subfield code="c">85861</subfield>
    <subfield code="d">85861</subfield>
  </datafield>
</record>
